| 000 | 00382nam a22001337a 4500 | ||
|---|---|---|---|
| 082 |
_a974.5 _bVAU |
||
| 100 |
_aVaughan-Sawyer _950598 |
||
| 245 |
_aGrant's campaign in virginia 1864 _cVaughan-Sawyer |
||
| 260 |
_aLondon _bSwan sonnenschein & co, lim _c1908 |
||
| 300 |
_a197P.: _bill,; _c15 cm. |
||
| 526 |
_a0 _b0 _c0 _d974_500000000000000_VAU |
||
| 650 |
_aMCE _9379 |
||
| 942 |
_2ddc _cBK |
||
| 999 |
_c553343 _d553343 |
||